Lataa...

Collective bargaining perspectives and practices

Bibliografiset tiedot
Päätekijä: Patil, B.R
Aineistotyyppi: Printed Book
Kieli:English
Julkaistu: Hyderabad Universities Press 1993
Aiheet:
LEADER 00639nam a2200193 a 4500
005 20151215124813.0
008 960221s1955 dcuabcdjdbkoqu001 0deng d
003 ViArRB
082 |a 658.315 4  |b PAT 
100 |a Patil, B.R.  |9 2906 
245 |a Collective bargaining   |b perspectives and practices 
300 |a 539p. 
653 |a Collective bargaining  
942 |c BK  |6 _ 
260 |a Hyderabad  |b Universities Press  |c 1993 
500 |a School of Management Studies- Commerce 
020 |a 0863112609 
999 |c 92014  |d 92014 
952 |0 0  |1 0  |2 ddc  |4 0  |6 658315_4PAT  |7 0  |9 115427  |a SMS  |b SMS  |c GEN  |d 0000-00-00  |o 658.315 4 PAT  |p SMSC01523  |r 2009-08-21  |w 2009-08-21  |y BK